000 00743nam a2200253 a 4500
008
049 _aMAIN
090 _aTJ265
_bEAS
100 1 _aEastop, T.D.
245 1 0 _aApplied thermodynamics for engineering technologists :
_bS.I. units /
_cT. D. Eastop, A. McConkey.
250 _a3rd ed.
260 _aLondon :
_bLongman,
_c1978.
300 _axiii, 813 p. :
_bill. ;
_c22 cm.
440 2 _aA Longwood text.
504 _aIncludes bibliographical references.
500 _aIncludes index.
650 0 _aThermodynamics.
700 1 _aMcConkey, Allen.
907 _a.b10115912
_b29-05-12
_c29-03-04
003
005 20230123133648.0
040 _cNUST
942 _cBOOKS
_kTJ265
_mEAS
999 _c152447
_d152447